Online
Catalog

Comunidad Digna contra la pobreza : (Record no. 46855)

MARC details
000 -CABECERA
campo de control de longitud fija 00955nam a2200229 a 4500
001 - NÚMERO DE CONTROL
campo de control 000047367
005 - FECHA Y HORA DE LA ÚLTIMA TRANSACCIÓN
campo de control 20250124082802.0
008 - DATOS DE LONGITUD FIJA--INFORMACIÓN GENERAL
campo de control de longitud fija 180509s2000 dr 000 0 spa d
040 ## - FUENTE DE LA CATALOGACIÓN
Centro catalogador/agencia de origen DO-SdBNP
Lengua de catalogación spa
Centro/agencia transcriptor BNPHU
082 ## - NÚMERO DE LA CLASIFICACIÓN DECIMAL DEWEY
Número de clasificación 362.5
Número de documento/Ítem C741d
245 00 - MENCIÓN DE TÍTULO
Título Comunidad Digna contra la pobreza :
Resto del título Memorias /
Mención de responsabilidad, etc. Mary Fernandez, Josefina Zaíter.
246 13 - FORMA VARIANTE DE TÍTULO
Título propio/Titulo breve Sistematización :
Resto del título recuento de un año, (1999-2000) del Plan Comunidad Digna en República Dominicana /
260 ## - PUBLICACIÓN, DISTRIBUCIÓN, ETC.
Lugar de publicación, distribución, etc. Santo Domingo :
Nombre del editor, distribuidor, etc. Centenario,
Fecha de publicación, distribución, etc. 2000.
300 ## - DESCRIPCIÓN FÍSICA
Extensión 100 p. ;
Dimensiones 29 cm.
590 ## - NOTA LOCAL (RLIN)
Nota local Inventariado, 2018/VM
651 #4 - PUNTO DE ACCESO ADICIONAL DE MATERIA--NOMBRE GEOGRÁFICO
Nombre geográfico República Dominicana
Subdivisión general Condiciones Sociales
Subdivisión de forma PROGRAMAS
9 (RLIN) 75016
650 #4 - PUNTO DE ACCESO ADICIONAL DE MATERIA--TÉRMINO DE MATERIA
Término de materia o nombre geográfico como elemento de entrada Programas sociales
Subdivisión geográfica República Dominicana
Subdivisión de forma MEMORIAS E INFORMES
9 (RLIN) 75017
651 #4 - PUNTO DE ACCESO ADICIONAL DE MATERIA--NOMBRE GEOGRÁFICO
Nombre geográfico República Dominicana
Subdivisión general Política Social
9 (RLIN) 2627
700 1# - PUNTO DE ACCESO ADICIONAL--NOMBRE DE PERSONA
Nombre de persona Fernández, Mary
9 (RLIN) 17188
700 1# - PUNTO DE ACCESO ADICIONAL--NOMBRE DE PERSONA
Nombre de persona Záiter Mejía, Alba Josefina
9 (RLIN) 2002
710 ## - PUNTO DE ACCESO ADICIONAL--NOMBRE DE ENTIDAD CORPORATIVA
Nombre de entidad corporativa o nombre de jurisdicción como elemento de entrada Plan Comunidad Digna en República Dominicana
9 (RLIN) 75019
Holdings
Estado de retiro Estado de pérdida No para préstamo Código de colección Localización permanente Ubicación/localización actual Ubicación en estantería Fecha de adquisición Número de inventario Total de préstamos Signatura topográfica completa Código de barras Fecha visto por última vez Precio válido a partir de Tipo de ítem Koha
    Excluido de préstamo Patrimonio Dominicano Patrimonio Dominicano Patrimonio Dominicano Depósito 09.05.2018 LF1   362.5 C741d 47367-10 25.06.2020 25.06.2020 Libro y Folleto Colección Patrimonio Dominicano

Powered by Koha